<?xml version="1.0" encoding="UTF-8"?><?xml-stylesheet type="text/xsl" href="static/style.xsl"?><OAI-PMH xmlns="http://www.openarchives.org/OAI/2.0/" xmlns:xsi="http://www.w3.org/2001/XMLSchema-instance" xsi:schemaLocation="http://www.openarchives.org/OAI/2.0/ http://www.openarchives.org/OAI/2.0/OAI-PMH.xsd"><responseDate>2026-04-17T16:16:11Z</responseDate><request verb="GetRecord" identifier="oai:www.recercat.cat:2117/327234" metadataPrefix="marc">https://recercat.cat/oai/request</request><GetRecord><record><header><identifier>oai:recercat.cat:2117/327234</identifier><datestamp>2025-07-22T16:54:41Z</datestamp><setSpec>com_2072_1033</setSpec><setSpec>col_2072_452951</setSpec></header><metadata><record xmlns="http://www.loc.gov/MARC21/slim" xmlns:dcterms="http://purl.org/dc/terms/" xmlns:xsi="http://www.w3.org/2001/XMLSchema-instance" xmlns:doc="http://www.lyncode.com/xoai" xsi:schemaLocation="http://www.loc.gov/MARC21/slim http://www.loc.gov/standards/marcxml/schema/MARC21slim.xsd">
   <leader>00925njm 22002777a 4500</leader>
   <datafield ind2=" " ind1=" " tag="042">
      <subfield code="a">dc</subfield>
   </datafield>
   <datafield ind2=" " ind1=" " tag="720">
      <subfield code="a">Castelló Campos, Marina-Àurea</subfield>
      <subfield code="e">author</subfield>
   </datafield>
   <datafield ind2=" " ind1=" " tag="260">
      <subfield code="c">2006</subfield>
   </datafield>
   <datafield ind2=" " ind1=" " tag="520">
      <subfield code="a">El món dels Sistemes d’Informació Geogràfica ofereix una variada forma d’ésser utilitzat. Existeixen diverses aplicacions: cartografia automatitzada, infrastructura, gestió territorial, mediambient,  equipaments socials, recursos miners, ingenieria del trànsit, estudis demogràfics, geomàrketing, etc. El projecte que estem a punt de descriure ha estat pensat per fer-ne un ús amb finalitats mediambientals.&#xd;
&#xd;
	El Projecte que a continuació presentarem fa referència als productes químics en la indústria química del camp de Tarragona i la seguretat que representa tenir el Pla d’Emergències exterior del Sector Químic de Tarragona (PLASEQTA).&#xd;
&#xd;
Les característiques geogràfiques de Tarragona han estat factors determinants al llarg de la història en l’establiment del model econòmic de la ciutat i, en general, de tota la província. La Tarraco romana va consolidar i confirmar el seu paper de ciutat industrial en transformar els productes agrícoles i tèxtils per a llur exportació a Roma, en la qual cosa destacà el paper del port.</subfield>
   </datafield>
   <datafield tag="653" ind2=" " ind1=" ">
      <subfield code="a">Àrees temàtiques de la UPC::Enginyeria civil::Geomàtica::Sistemes d'informació geogràfica</subfield>
   </datafield>
   <datafield tag="653" ind2=" " ind1=" ">
      <subfield code="a">Geographic information systems</subfield>
   </datafield>
   <datafield tag="653" ind2=" " ind1=" ">
      <subfield code="a">Sistemes d'informació geogràfica -- Catalunya -- Tarragona</subfield>
   </datafield>
   <datafield tag="653" ind2=" " ind1=" ">
      <subfield code="a">Indústria química -- Mesures de seguretat</subfield>
   </datafield>
   <datafield ind2="0" ind1="0" tag="245">
      <subfield code="a">Sistemes d'informació geogràfica per emergències del Polígon Químic de Tarragona</subfield>
   </datafield>
</record></metadata></record></GetRecord></OAI-PMH>